| 000 | 00684nam a2200229Ia 4500 | ||
|---|---|---|---|
| 003 | OSt | ||
| 005 | 20240703095542.0 | ||
| 008 | 210716s2007 xx 000 0 und d | ||
| 020 | _a9780741935995 | ||
| 040 | _cAIMIT LIBRARY | ||
| 041 | _aeng | ||
| 082 |
_a374.22 _21 _bSATK |
||
| 100 |
_aSathyanarayana, K. _9172365 |
||
| 245 |
_aPower of humor at the workplace / _cBy K Sathyanarayana. |
||
| 250 | _a1st ed. | ||
| 260 |
_aNew Delhi ; _bResponse Books , _c2007. |
||
| 300 |
_a283p. ; _bPB _c20.7 cm |
||
| 650 |
_aSmile please we're at work _9172366 |
||
| 650 |
_aLaughing at yourself _9172367 |
||
| 650 |
_aGetting laugh after laugh _9172368 |
||
| 942 |
_2ddc _cBK _e1st _k374.22 SATK |
||
| 999 |
_c207854 _d207854 |
||